| 000 | 00529nam a2200169 a 4500 | ||
|---|---|---|---|
| 001 | 000027884 | ||
| 005 | 20200930031155.0 | ||
| 008 | 110405s2000 dr 000 0 spa d | ||
| 040 |
_aDO-SdBNP _bspa _cBNPHU |
||
| 082 |
_axxx _bM385j |
||
| 100 | 1 |
_aMartínez Aquino, Felipe _d1972- _954957 |
|
| 245 | 1 | 0 |
_aJuventud, política y nuevo milenio / _cFelipe Martínez Aquino (Ángel Pupa). |
| 260 |
_aSanto Domingo : _bEditora Minerva, _c[2000]. |
||
| 300 |
_a59, [2] p. ; _c21 cm. |
||
| 504 | _aBibliografía : p. [61] | ||
| 049 | _aBNPD | ||
| 999 |
_c27376 _d27376 |
||